| 000 | 00790nam a22001457a 4500 | ||
|---|---|---|---|
| 999 |
_c527571 _d527571 |
||
| 008 | 240905b ||||| |||| 00| 0 eng d | ||
| 100 |
_aMilanovic, Branko _957908 |
||
| 245 | _aThe clash of capitalisms: The real fight for the global economy’s future | ||
| 260 | _aForeign Affairs | ||
| 300 | _a99(1), Jan-Feb, 2020: p.10-21 | ||
| 520 | _aCapitalism rules the world. With only the most minor exceptions, the entire globe now organizes economic production the same way: labor is voluntary, capital is mostly in private hands, and production is coordinated in a decentralized way and motivated by profit.- Reproduced https://www.foreignaffairs.com/articles/united-states/2019-12-10/clash-capitalisms | ||
| 773 | _aForeign Affairs | ||
| 906 | _aINTERNATIONAL TRADE | ||
| 942 | _cAR | ||